| 000 | 00504nam a2200205Ia 4500 | ||
|---|---|---|---|
| 005 | 20140312154231.0 | ||
| 008 | 140130s9999 xx 000 0 und d | ||
| 020 | _a0590850261 | ||
| 050 |
_aPZ 7 _b.B882Gr 1996 |
||
| 100 | _aBuckley, Helen | ||
| 245 |
_cBuckley, Helen _aGrandfather and I |
||
| 260 |
_bScholastic, _c1996. _aNew York : |
||
| 300 |
_a1 v. (unpaged) : _bill. ; _c 21 cm. |
||
| 440 | _v1 | ||
| 521 | _aG2 | ||
| 526 | _c490 | ||
| 942 |
_cBK _2lcc |
||
| 999 |
_c40502 _d40502 |
||